[Event "Plzen, FSB C"]
[Site "?"]
[Date "2004.??.??"]
[Round "2.10"]
[White "Tenk, P."]
[Black "Pechat, J."]
[Result "0-1"]
[WhiteElo "1806"]
[BlackElo "1775"]
[PlyCount "72"]
[EventDate "2004.??.??"]
[Source "ChessBase"]
[SourceDate "1996.11.15"]

1. d4 Nf6 2. Nf3 g6 3. Bg5 Bg7 4. Nbd2 O-O 5. c4 d6 6. e3 Nbd7 7. Be2 c6 8. O-O
Qc7 9. Rc1 b6 10. Qc2 Bb7 11. Rfd1 Rfe8 12. b4 a5 13. a3 axb4 14. axb4 Ra7 15.
Ra1 Rxa1 16. Rxa1 c5 17. bxc5 bxc5 18. Ra7 Qb6 19. Ra2 cxd4 20. exd4 Rc8 21.
Rb2 Qc7 22. Qb1 Ba8 23. Bf4 Nf8 24. c5 Ne6 25. Bg3 Nh5 26. Ba6 Rd8 27. cxd6
exd6 28. Rb4 Nxg3 29. hxg3 Qa5 30. Bc4 Qa7 31. Qa2 Qe7 32. Ra4 Qe8 33. Ra7 d5
34. Bb3 Nxd4 35. Nxd4 Bxd4 36. Nf3 Bxa7 0-1

[Event "Plzen, FSB C"]
[Site "?"]
[Date "2004.??.??"]
[Round "2.11"]
[White "Malek, M."]
[Black "Sefrna, F."]
[Result "1/2-1/2"]
[WhiteElo "1642"]
[BlackElo "1615"]
[PlyCount "67"]
[EventDate "2004.??.??"]
[Source "ChessBase"]
[SourceDate "1996.11.15"]

1. d4 f5 2. Nf3 e6 3. c3 Nf6 4. Bg5 h6 5. Bxf6 Qxf6 6. Nbd2 d5 7. Ne5 c6 8. f4
Nd7 9. Ndf3 Bd6 10. e3 Bc7 11. g3 Nxe5 12. Nxe5 Bxe5 13. fxe5 Qe7 14. Qh5+ Qf7
15. Qxf7+ Kxf7 16. h4 b6 17. b4 Bd7 18. c4 dxc4 19. Bxc4 a5 20. Rb1 b5 21. Bb3
axb4 22. Rc1 g5 23. h5 Ke7 24. Rf1 Rhc8 25. Rc5 Be8 26. Rh1 Bf7 27. Rh2 Ra3 28.
Kf1 Kd7 29. Ke1 Rca8 30. Rhc2 Rc8 31. Rh2 Rca8 32. Rhc2 Rc8 33. Rh2 Rca8 34.
Rhc2 1/2-1/2

[Event "Plzen, FSB C"]
[Site "?"]
[Date "2004.??.??"]
[Round "2.12"]
[White "Kang, MY."]
[Black "Talma, K."]
[Result "1/2-1/2"]
[WhiteElo "1589"]
[BlackElo "1823"]
[PlyCount "51"]
[EventDate "2004.??.??"]
[Source "ChessBase"]
[SourceDate "1996.11.15"]

1. e4 e5 2. Nf3 Nc6 3. Bc4 Nf6 4. Ng5 d5 5. exd5 b5 6. Bxb5 Qxd5 7. Bxc6+ Qxc6
8. O-O Bb7 9. Nf3 Bd6 10. d3 O-O 11. Nc3 Rfe8 12. Re1 e4 13. dxe4 Nxe4 14. Nxe4
Rxe4 15. Rxe4 Qxe4 16. Be3 Rd8 17. Kh1 Qg4 18. h3 Qg6 19. c3 Be7 20. Qe2 Rd5
21. Bxa7 Bf8 22. Rd1 Rf5 23. Rd8 Bxf3 24. gxf3 Rg5 25. Qe1 Qf5 26. Qf1 1/2-1/2

[Event "Plzen, FSB C"]
[Site "?"]
[Date "2004.??.??"]
[Round "2.13"]
[White "Bukacek, L."]
[Black "van Merkerk, R."]
[Result "1-0"]
[WhiteElo "1728"]
[BlackElo "1400"]
[PlyCount "55"]
[EventDate "2004.??.??"]
[Source "ChessBase"]
[SourceDate "1996.11.15"]

1. b3 e5 2. Bb2 d6 3. e3 Nd7 4. c4 Ngf6 5. Qc2 Be7 6. d4 c6 7. Nc3 O-O 8. Nf3
Qe8 9. Bd3 Bd8 10. O-O-O Bc7 11. h3 Qe7 12. g4 g6 13. Rdg1 Re8 14. Nd2 Bb6 15.
g5 Nh5 16. Nf3 exd4 17. exd4 Nf4 18. Re1 Qd8 19. Rxe8+ Qxe8 20. Re1 Qd8 21. h4
Ne6 22. Nd1 Ndf8 23. Ne3 Nf4 24. Bf1 Be6 25. Qe4 Nh5 26. d5 Bd7 27. Qc2 Nf4 28.
Qc3 1-0

[Event "Plzen, FSB C"]
[Site "?"]
[Date "2004.??.??"]
[Round "2.14"]
[White "Zelenka, M."]
[Black "van der Heide, G."]
[Result "1/2-1/2"]
[WhiteElo "1504"]
[BlackElo "1648"]
[PlyCount "68"]
[EventDate "2004.??.??"]
[Source "ChessBase"]
[SourceDate "1996.11.15"]

1. e4 d6 2. d4 Nf6 3. Nc3 g6 4. Nf3 Bg7 5. Be2 Nc6 6. h3 O-O 7. O-O e5 8. d5
Ne7 9. Be3 Re8 10. Qd2 Nxe4 11. Nxe4 f5 12. Rad1 fxe4 13. Ng5 Nf5 14. Nxe4 Nxe3
15. Qxe3 a6 16. Rfe1 Rf8 17. c4 b6 18. b3 Qh4 19. Bd3 Bh6 20. Qg3 Qxg3 21. Nxg3
Bd7 22. Ne4 Kg7 23. g4 Bf4 24. Kg2 g5 25. f3 Rh8 26. Rh1 h5 27. a3 a5 28. a4
Rh6 29. Rb1 Be8 30. Bc2 c6 31. Rbd1 Rd8 32. Rd3 c5 33. Rhd1 Bg6 34. Rb1 Rdh8
1/2-1/2

[Event "Plzen, FSB C"]
[Site "?"]
[Date "2004.??.??"]
[Round "2.15"]
[White "Schanilec, M."]
[Black "Verf, F."]
[Result "0-1"]
[WhiteElo "1488"]
[BlackElo "1638"]
[PlyCount "30"]
[EventDate "2004.??.??"]
[Source "ChessBase"]
[SourceDate "1996.11.15"]

1. e4 c5 2. c3 g6 3. d4 cxd4 4. cxd4 Bg7 5. Bc4 d6 6. Nf3 Nf6 7. Nc3 O-O 8. O-O
Nc6 9. Re1 Bg4 10. Be2 Qb6 11. Na4 Qc7 12. h3 Bd7 13. Bb5 a6 14. Bxc6 Qxc6 15.
Bg5 Qxa4 {55 tahu} 0-1

[Event "Plzen, FSB C"]
[Site "?"]
[Date "2004.??.??"]
[Round "2.16"]
[White "Volf, M."]
[Black "Polak, M."]
[Result "1-0"]
[WhiteElo "1611"]
[BlackElo "1368"]
[PlyCount "87"]
[EventDate "2004.??.??"]
[Source "ChessBase"]
[SourceDate "1996.11.15"]

1. e4 e5 2. Nf3 Nc6 3. Bb5 d6 4. d4 Bd7 5. Nc3 Nf6 6. Bg5 Be7 7. Bxf6 Bxf6 8.
d5 Ne7 9. Bd3 O-O 10. O-O c6 11. Re1 Ng6 12. h3 Nf4 13. Bf1 Qb6 14. Qd2 cxd5
15. exd5 Rfe8 16. Ne4 Be7 17. b3 Rac8 18. c4 Qd8 19. Rac1 b6 20. Kh2 f5 21. Nc3
g5 22. g3 e4 23. Nd4 Ng6 24. Ncb5 Ra8 25. Rcd1 Ne5 26. Be2 Rf8 27. f4 exf3 28.
Bxf3 g4 29. Bh1 a6 30. Nc3 gxh3 31. Nc6 Bxc6 32. dxc6 Rc8 33. Bd5+ Kg7 34. Qe2
Qe8 35. Kxh3 Rc7 36. Na4 b5 37. cxb5 axb5 38. Nc5 dxc5 39. Qxe5+ Rf6 40. Qxc7
Kf8 41. Qxe7+ Qxe7 42. Rxe7 Kxe7 43. Bf3 Rd6 44. c7 1-0

[Event "Plzen, FSB C"]
[Site "?"]
[Date "2004.??.??"]
[Round "2.17"]
[White "Reznicek, M."]
[Black "Hahn, C."]
[Result "1-0"]
[WhiteElo "1411"]
[BlackElo "1601"]
[PlyCount "68"]
[EventDate "2004.??.??"]
[Source "ChessBase"]
[SourceDate "1996.11.15"]

1. e4 d6 2. d4 g6 3. Nc3 Bg7 4. Be3 Nf6 5. f3 O-O 6. Bc4 c6 7. Nge2 b5 8. Bd3
Nbd7 9. O-O Nb6 10. a3 a5 11. Ng3 Qc7 12. Qd2 Re8 13. Bh6 Bh8 14. Rae1 b4 15.
axb4 axb4 16. Nd1 c5 17. e5 Nfd5 18. dxc5 Qxc5+ 19. Kh1 Bxe5 20. f4 Bh8 21. f5
Nf6 22. fxg6 fxg6 23. Ne4 Nxe4 24. Bxe4 d5 25. Qg5 Bf6 26. Rxf6 exf6 27. Bxd5+
Nxd5 28. Rxe8+ Kf7 29. Rf8+ Qxf8 30. Qxd5+ Be6 31. Qb7+ Qe7 32. Qxa8 g5 33. Qe4
Bf5 34. Qxe7+ Kxe7 {48 tahu} 1-0

[Event "Plzen, FSB C"]
[Site "?"]
[Date "2004.??.??"]
[Round "2.18"]
[White "Lasik, P."]
[Black "Hava, R."]
[Result "1-0"]
[WhiteElo "1390"]
[BlackElo "1557"]
[PlyCount "39"]
[EventDate "2004.??.??"]
[Source "ChessBase"]
[SourceDate "1996.11.15"]

1. d4 d5 2. c4 c6 3. Nc3 e6 4. Nf3 f5 5. Bg5 Be7 6. Bxe7 Qxe7 7. e3 Nf6 8. c5
Ne4 9. Ne5 Nd7 10. Qh5+ Kd8 11. Nf7+ Kc7 12. Nxh8 g6 13. Qh6 Ndf6 14. Qf4+ Kd7
15. Nxe4 Nxe4 16. f3 Nf6 17. b4 Qg7 18. b5 Qxh8 19. bxc6+ bxc6 20. Qd6+ 1-0

[Event "Plzen, FSB C"]
[Site "?"]
[Date "2004.??.??"]
[Round "2.19"]
[White "Bolek, M."]
[Black "Krizek, A."]
[Result "1-0"]
[WhiteElo "1554"]
[BlackElo "1000"]
[PlyCount "59"]
[EventDate "2004.??.??"]
[Source "ChessBase"]
[SourceDate "1996.11.15"]

1. e4 e5 2. Nf3 Nc6 3. Bc4 d6 4. Nc3 Bg4 5. O-O Nf6 6. h3 Bh5 7. Be2 Qd7 8. d4
a6 9. Be3 exd4 10. Nxd4 Bxe2 11. Qxe2 Nxd4 12. Bxd4 O-O-O 13. Rfd1 Qe6 14. Rd3
Nd7 15. b4 Qc4 16. Qf3 f6 17. Nd5 c5 18. bxc5 dxc5 19. Qf5 Kb8 20. Qf4+ Ka7 21.
Qc7 Bd6 22. Qxd6 cxd4 23. Rb3 b5 24. a4 Qc5 25. Qg3 Rb8 26. axb5 Rxb5 27. Rba3
a5 28. Nc7 Rhb8 29. Nxb5+ Rxb5 30. Qxg7 1-0

[Event "Plzen, FSB C"]
[Site "?"]
[Date "2004.??.??"]
[Round "2.20"]
[White "Fakan, P."]
[Black "Vitous, V."]
[Result "0-1"]
[WhiteElo "1200"]
[BlackElo "1553"]
[PlyCount "64"]
[EventDate "2004.??.??"]
[Source "ChessBase"]
[SourceDate "1996.11.15"]

1. e4 e6 2. Nc3 Bb4 3. f4 d5 4. a3 Ba5 5. Qg4 Nf6 6. Qf3 Bxc3 7. e5 Bxd2+ 8.
Bxd2 Ne4 9. O-O-O Nd7 10. Bd3 Ndc5 11. Bb4 a5 12. Bxc5 Nxc5 13. Nh3 Bd7 14. Ng5
Nxd3+ 15. Rxd3 Qe7 16. Qe3 c5 17. Rhd1 c4 18. Rd4 b5 19. Ne4 Bc6 20. Nd6+ Kd7
21. f5 h6 22. fxe6+ fxe6 23. Rf4 Raf8 24. Qa7+ Kd8 25. Qb6+ Qc7 26. Qxc7+ Kxc7
27. Rf7+ Rxf7 28. Nxf7 Rf8 29. Rf1 Be8 30. Kd2 Rxf7 31. Rxf7+ Bxf7 32. Ke3 Kc6
0-1

[Event "Plzen, FSB C"]
[Site "?"]
[Date "2004.??.??"]
[Round "3.1"]
[White "Smid, J."]
[Black "Hava, J."]
[Result "1/2-1/2"]
[WhiteElo "1752"]
[BlackElo "1871"]
[PlyCount "101"]
[EventDate "2004.??.??"]
[Source "ChessBase"]
[SourceDate "1996.11.15"]

1. e4 e6 2. d4 d5 3. exd5 exd5 4. Bd3 Bd6 5. Ne2 Ne7 6. Bf4 Bf5 7. O-O O-O 8.
Bxf5 Nxf5 9. Qd3 Qf6 10. c3 c6 11. Bxd6 Nxd6 12. Ng3 Nd7 13. Nd2 Qg6 14. Qxg6
hxg6 15. Rfe1 Rfe8 16. Kf1 f6 17. Rxe8+ Rxe8 18. Re1 Rxe1+ 19. Kxe1 Kf7 20. Ke2
Nf8 21. f3 Ne6 22. Ke3 f5 23. Ne2 g5 24. g4 g6 25. b3 b6 26. c4 Ke7 27. cxd5
cxd5 28. Nc3 Nc7 29. h3 Nde8 30. Kd3 Ng7 31. Ne2 Nge6 32. Nb1 Kd6 33. Nbc3 Kc6
34. a3 b5 35. Nb1 a5 36. Nd2 a4 37. b4 Ne8 38. Nf1 Nd6 39. Nd2 Nc4 40. Nb1 Kd6
41. Ng1 Nf4+ 42. Kc3 Kc6 43. Kc2 Ng2 44. Kd1 Nge3+ 45. Kc1 Kd6 46. Ne2 Ng2 47.
Ng1 Ne1 48. Kd1 Nd3 49. Kc2 Nf2 50. Kc1 Nd3+ 51. Kc2 1/2-1/2

[Event "Plzen, FSB C"]
[Site "?"]
[Date "2004.??.??"]
[Round "3.2"]
[White "Zach, T."]
[Black "Bartonicek, Z."]
[Result "0-1"]
[WhiteElo "1709"]
[BlackElo "1771"]
[PlyCount "96"]
[EventDate "2004.??.??"]
[Source "ChessBase"]
[SourceDate "1996.11.15"]

1. d4 d6 2. e4 g6 3. Nf3 Bg7 4. Be2 Nd7 5. Be3 Ngf6 6. Nc3 O-O 7. Qd2 a6 8. O-O
Ng4 9. h3 Nxe3 10. fxe3 e5 11. d5 a5 12. a4 Nc5 13. Bd3 Bh6 14. Qf2 Bd7 15.
Rfe1 Qe7 16. Qh4 Qxh4 17. Nxh4 f5 18. exf5 gxf5 19. e4 f4 20. Nb5 Rac8 21. Bf1
Kh8 22. Nf3 Rg8 23. Kh2 Rg3 24. Re2 Bxh3 25. gxh3 Rxf3 26. Bg2 Rg3 27. Nc3 Rcg8
28. Rf2 Bf8 29. Rg1 h5 30. Ne2 h4 31. b3 Re3 32. Bf3 Nxe4 33. Rxg8+ Kxg8 34.
Bxe4 Rxe4 35. Nc3 Re3 36. Nd1 Rg3 37. Rg2 Kf7 38. Rxg3 hxg3+ 39. Kg2 Kg6 40.
Kf3 Kf5 41. Nc3 c6 42. dxc6 bxc6 43. b4 axb4 44. a5 d5 45. a6 Bc5 46. Na2 e4+
47. Kg2 Kg5 48. Nxb4 Kh4 0-1

[Event "Plzen, FSB C"]
[Site "?"]
[Date "2004.??.??"]
[Round "3.3"]
[White "Cerny, V."]
[Black "Konigs, C."]
[Result "0-1"]
[WhiteElo "1659"]
[BlackElo "1768"]
[PlyCount "58"]
[EventDate "2004.??.??"]
[Source "ChessBase"]
[SourceDate "1996.11.15"]

1. e4 c5 2. c3 d5 3. exd5 Qxd5 4. d4 cxd4 5. cxd4 e6 6. Nc3 Bb4 7. Nf3 Nf6 8.
Bd3 O-O 9. O-O Bxc3 10. bxc3 Nbd7 11. Re1 b5 12. a4 bxa4 13. c4 Qc6 14. Ba3 Rd8
15. d5 exd5 16. Nd4 Qc7 17. Nb5 Qb6 18. cxd5 Nc5 19. Bc4 Bg4 20. Qd4 Nb3 21.
Qxb6 axb6 22. Bxb3 axb3 23. f3 Bf5 24. Be7 Rxa1 25. Rxa1 b2 26. Re1 Rc8 27. Na3
Rc1 28. Kf2 Rxe1 29. Kxe1 Nxd5 0-1

[Event "Plzen, FSB C"]
[Site "?"]
[Date "2004.??.??"]
[Round "3.4"]
[White "Szarowski, D."]
[Black "Soutner, J."]
[Result "0-1"]
[WhiteElo "1889"]
[BlackElo "1703"]
[PlyCount "158"]
[EventDate "2004.??.??"]
[Source "ChessBase"]
[SourceDate "1996.11.15"]

1. e4 e5 2. Nf3 Nc6 3. Bb5 a6 4. Ba4 Nf6 5. O-O b5 6. Bb3 Be7 7. Re1 d6 8. c3
O-O 9. h3 Na5 10. Bc2 c5 11. d4 Qc7 12. Nbd2 cxd4 13. cxd4 Bd7 14. Bd3 Nc6 15.
Nb3 Rfe8 16. Bg5 h6 17. Bh4 exd4 18. Nbxd4 Nxd4 19. Nxd4 Rac8 20. Qf3 Nh7 21.
Bxe7 Rxe7 22. Nf5 Re5 23. g4 Rce8 24. Rac1 Qb6 25. h4 Bxf5 26. gxf5 d5 27. Re2
dxe4 28. Rxe4 Nf6 29. Rxe5 Rxe5 30. Rc8+ Re8 31. Rc6 Qb7 32. Bf1 Ne4 33. Rc2
Qd7 34. Bg2 Nf6 35. Rc6 Re1+ 36. Kh2 Qd4 37. Qg3 Ng4+ 38. Kh3 Nxf2+ 39. Kh2
Ng4+ 40. Kh3 Re3 41. Rc8+ Kh7 42. Bf3 Ne5 43. Rc3 Rxc3 44. bxc3 Qxc3 45. Bd5
Qxg3+ 46. Kxg3 Kg8 47. Kf4 Nc4 48. Bb7 a5 49. Bc6 b4 50. Ke4 Kf8 51. Kd5 Nd2
52. Kc5 b3 53. axb3 Nxb3+ 54. Kc4 Nc1 55. Kb5 g5 56. fxg6 fxg6 57. Kxa5 Nb3+
58. Kb4 Nd4 59. Be4 Kf7 60. Kc4 Ne2 61. Kd3 Ng3 62. Bf3 Kf6 63. h5 g5 64. Bg4
Ke5 65. Ke3 Ne4 66. Bd1 Nf6 67. Be2 g4 68. Bd1 Kf5 69. Bc2+ Kg5 70. Bg6 Nxh5
71. Be8 Kh4 72. Kf2 Nf4 73. Kg1 Kg3 74. Bc6 h5 75. Bd7 h4 76. Bc6 h3 77. Bb7
h2+ 78. Kf1 Nd3 79. Be4 Nf2 0-1

[Event "Plzen, FSB C"]
[Site "?"]
[Date "2004.??.??"]
[Round "3.5"]
[White "Chloupek, J."]
[Black "Rouc, M."]
[Result "0-1"]
[WhiteElo "1743"]
[BlackElo "1776"]
[PlyCount "74"]
[EventDate "2004.??.??"]
[Source "ChessBase"]
[SourceDate "1996.11.15"]

1. c4 e5 2. Nc3 Nf6 3. Nf3 Nc6 4. g3 d5 5. cxd5 Nxd5 6. d3 Be6 7. Bg2 Be7 8.
O-O O-O 9. a3 Nb6 10. b4 f6 11. Ne4 Nd4 12. Nxd4 Qxd4 13. Be3 Qd7 14. Nc5 Bxc5
15. Bxc5 Rfb8 16. f4 exf4 17. Rxf4 Nd5 18. Rf2 c6 19. e4 Nc7 20. Qf1 Rd8 21.
Rd1 Nb5 22. Rfd2 Nxa3 23. Be3 Nb5 24. d4 Nc7 25. d5 cxd5 26. exd5 Bg4 27. Bf3
Bxf3 28. Qxf3 Re8 29. d6 Ne6 30. Qf5 a6 31. Bb6 Qc6 32. Qf2 Ng5 33. Qf5 Qxb6+
34. Kf1 Rad8 35. Qd5+ Kh8 36. h4 Ne4 37. Rd3 Qf2# 0-1

[Event "Plzen, FSB C"]
[Site "?"]
[Date "2004.??.??"]
[Round "3.6"]
[White "Pechat, J."]
[Black "Fastova, K."]
[Result "1-0"]
[WhiteElo "1775"]
[BlackElo "1636"]
[PlyCount "117"]
[EventDate "2004.??.??"]
[Source "ChessBase"]
[SourceDate "1996.11.15"]

1. e4 c5 2. f4 d5 3. exd5 Qxd5 4. Nc3 Qe6+ 5. Qe2 Nc6 6. Nf3 Nf6 7. d3 a6 8.
Be3 Qd6 9. O-O-O e6 10. Ng5 Nd4 11. Qe1 Be7 12. h3 b5 13. Qf2 Qb6 14. g4 Bb7
15. Bg2 Nc6 16. Nge4 Nd7 17. f5 Nd4 18. Rhf1 O-O 19. Kb1 a5 20. Nxc5 Bxc5 21.
Bxb7 Qxb7 22. Bxd4 Bxd4 23. Qxd4 exf5 24. Rxf5 b4 25. Na4 Qc6 26. b3 Rac8 27.
Qf2 f6 28. d4 Qc7 29. Rd2 Rfe8 30. h4 Qb7 31. Rd1 Qa6 32. g5 g6 33. gxf6 gxf5
34. Qg3+ Kf7 35. Qg7+ Ke6 36. f7 Qe2 37. fxe8=Q+ Rxe8 38. d5+ Kd6 39. Qh6+ Kc7
40. Qc6+ Kd8 41. Nb2 Ke7 42. d6+ Ke6 43. Qc4+ Kf6 44. Qxe2 Rxe2 45. Nc4 Rh2 46.
Nxa5 Rxh4 47. Nc4 f4 48. a4 f3 49. a5 Nc5 50. a6 Ne4 51. a7 Nc3+ 52. Kc1 Nxd1
53. a8=Q Rh3 54. Kxd1 Rh1+ 55. Kd2 Rh2+ 56. Ke3 Rxc2 57. Kxf3 Rc3+ 58. Ke4 Rxb3
59. Qf8+ 1-0

[Event "Plzen, FSB C"]
[Site "?"]
[Date "2004.??.??"]
[Round "3.7"]
[White "Dvorak, M."]
[Black "Kang, MY."]
[Result "1/2-1/2"]
[WhiteElo "1796"]
[BlackElo "1589"]
[PlyCount "108"]
[EventDate "2004.??.??"]
[Source "ChessBase"]
[SourceDate "1996.11.15"]

1. e4 e5 2. Nf3 Nc6 3. Bc4 Bc5 4. c3 Nf6 5. d3 h6 6. h3 O-O 7. b4 Bb6 8. a4 a6
9. Ba2 d5 10. Qc2 Re8 11. O-O Qd6 12. Ba3 Ne7 13. Nbd2 a5 14. exd5 Nexd5 15.
Nc4 Qd8 16. Nfxe5 Be6 17. Nxb6 Nxb6 18. Bxe6 Rxe6 19. Nc4 Nxc4 20. dxc4 Nh5 21.
Bc1 Qh4 22. Qd3 Rd8 23. Qf3 Re5 24. g4 Nf6 25. Bf4 Re4 26. Bxc7 Rde8 27. Rad1
Nh7 28. Rd8 Ng5 29. Rxe8+ Rxe8 30. Qg3 Qxg3+ 31. fxg3 Re3 32. h4 Ne4 33. bxa5
Rxc3 34. Rb1 Rxc4 35. Rxb7 Rxa4 36. Kg2 Kf8 37. Ra7 Ke8 38. Bb6 Nd6 39. Rc7 Nc4
40. Bf2 Nxa5 41. Ra7 Rxg4 42. Rxa5 Kd7 43. Rd5+ Ke6 44. Rd4 Rxd4 45. Bxd4 g6
46. Kf3 h5 47. Ke4 f6 48. Be3 Kd6 49. Kd4 Ke6 50. Bf4 Kf5 51. Ke3 g5 52. Kf3
gxf4 53. gxf4 Ke6 54. Ke4 f5+ 1/2-1/2

[Event "Plzen, FSB C"]
[Site "?"]
[Date "2004.??.??"]
[Round "3.8"]
[White "Nathansky, D."]
[Black "Volf, M."]
[Result "1-0"]
[WhiteElo "1771"]
[BlackElo "1611"]
[PlyCount "75"]
[EventDate "2004.??.??"]
[Source "ChessBase"]
[SourceDate "1996.11.15"]

1. e4 e5 2. Nf3 Nf6 3. Nxe5 d6 4. Nf3 Nxe4 5. d4 d5 6. Bd3 Nf6 7. O-O Be7 8. h3
O-O 9. Re1 Nc6 10. Bf4 Re8 11. Nbd2 h6 12. c3 Be6 13. Nf1 Bd6 14. Bxd6 Qxd6 15.
Ng3 Rad8 16. Bc2 Bd7 17. Qd3 Rxe1+ 18. Rxe1 Re8 19. Rxe8+ Bxe8 20. Qe3 Qe7 21.
Ne5 Bd7 22. f4 Kf8 23. Qf3 Qd6 24. Nf1 Ne7 25. Ne3 c6 26. g4 g6 27. g5 Nfg8 28.
h4 Qe6 29. f5 Nxf5 30. Bxf5 gxf5 31. Nxd7+ Qxd7 32. Nxf5 Qe6 33. Kf2 hxg5 34.
hxg5 Ne7 35. Nh6 Ng6 36. Qg3 Qe4 37. Qb8+ Kg7 38. Qg8# 1-0

[Event "Plzen, FSB C"]
[Site "?"]
[Date "2004.??.??"]
[Round "3.9"]
[White "Sefrna, F."]
[Black "Bukacek, L."]
[Result "1-0"]
[WhiteElo "1615"]
[BlackElo "1728"]
[PlyCount "63"]
[EventDate "2004.??.??"]
[Source "ChessBase"]
[SourceDate "1996.11.15"]

1. e4 d5 2. exd5 Qxd5 3. Nc3 Qa5 4. d4 c6 5. Nf3 Nf6 6. Bd3 Bg4 7. O-O e6 8. h3
Bh5 9. Bd2 Qc7 10. Ne4 Nbd7 11. c4 Nxe4 12. Bxe4 Nf6 13. Qc2 Bg6 14. Bxg6 hxg6
15. Rfe1 O-O-O 16. Be3 Kb8 17. a3 Bd6 18. b4 Bf4 19. a4 Bxe3 20. Rxe3 Rh5 21.
Rb3 g5 22. b5 g4 23. bxc6 Qxc6 24. Ne5 Qc7 25. Rab1 b6 26. a5 Rxd4 27. axb6
axb6 28. Rxb6+ Kc8 29. Rb8+ Qxb8 30. Rxb8+ Kxb8 31. Qb2+ Kc7 32. Qxd4 1-0

[Event "Plzen, FSB C"]
[Site "?"]
[Date "2004.??.??"]
[Round "3.10"]
[White "Pasek, M."]
[Black "Bolek, M."]
[Result "1-0"]
[WhiteElo "1710"]
[BlackElo "1554"]
[PlyCount "57"]
[EventDate "2004.??.??"]
[Source "ChessBase"]
[SourceDate "1996.11.15"]

1. c4 Nf6 2. Nc3 e6 3. g3 d5 4. cxd5 exd5 5. d4 Bf5 6. Bg2 Nc6 7. Nf3 Nb4 8.
Nh4 Nc2+ 9. Kf1 Qd7 10. e4 Nxe4 11. Nxe4 Bxe4 12. Bxe4 Nxa1 13. Bd3 O-O-O 14.
Be3 Kb8 15. Qxa1 Re8 16. Qc1 g6 17. Kg2 Be7 18. Nf3 Bf6 19. Qc5 Be7 20. Qc3 h5
21. h4 Rhg8 22. Ne5 Qe6 23. Rc1 Bd6 24. Bf4 f6 25. Nxg6 Rxg6 26. Bxd6 f5 27.
Qxc7+ Ka8 28. Ba6 Qe4+ 29. Kh2 1-0

[Event "Plzen, FSB C"]
[Site "?"]
[Date "2004.??.??"]
[Round "3.11"]
[White "Albrecht, J."]
[Black "Reznicek, M."]
[Result "0-1"]
[WhiteElo "1657"]
[BlackElo "1411"]
[PlyCount "102"]
[EventDate "2004.??.??"]
[Source "ChessBase"]
[SourceDate "1996.11.15"]

1. e4 c5 2. Nf3 Nf6 3. Nc3 Nc6 4. d4 d5 5. exd5 Nxd5 6. Be3 cxd4 7. Nxd4 Nxc3
8. bxc3 Qa5 9. Qd2 Bd7 10. Nb3 Qc7 11. Bd3 e6 12. O-O Bd6 13. h3 O-O 14. Rad1
Rfd8 15. Bxh7+ Kxh7 16. Qxd6 Rac8 17. Qd3+ Kg8 18. Nc5 Be8 19. Qe2 b6 20. Nd3
Ne7 21. Bd4 Nf5 22. Be5 Qc4 23. Rb1 f6 24. Rb4 Qd5 25. Bg3 Bb5 26. a4 Bxd3 27.
cxd3 Nxg3 28. fxg3 Rxc3 29. Rg4 Kf7 30. Qf2 Qe5 31. Re4 Qd5 32. Rg4 Qe5 33. Re1
Qd5 34. d4 Rdc8 35. Rge4 Rc1 36. Qf1 Rxe1 37. Qxe1 Rc4 38. Qe3 Rxa4 39. Rf4
Ra1+ 40. Kh2 Ra2 41. Rf3 b5 42. Qc3 Qc4 43. Qe3 b4 44. Qe4 Qd5 45. Qf4 Rc2 46.
Qe3 a5 47. Qb3 Qxb3 48. Rxb3 Rc3 49. Rb2 b3 50. Kg1 a4 51. Kf1 a3 0-1

[Event "Plzen, FSB C"]
[Site "?"]
[Date "2004.??.??"]
[Round "3.12"]
[White "Vitous, V."]
[Black "Stanek, V."]
[Result "1/2-1/2"]
[WhiteElo "1553"]
[BlackElo "1654"]
[PlyCount "97"]
[EventDate "2004.??.??"]
[Source "ChessBase"]
[SourceDate "1996.11.15"]

1. e4 c5 2. Nf3 d6 3. d4 cxd4 4. Nxd4 Nf6 5. Nc3 a6 6. Bg5 e6 7. Bd3 Be7 8. Be3
Bd7 9. f4 Nc6 10. a3 b5 11. Qe2 Nxd4 12. Bxd4 Qb8 13. e5 dxe5 14. fxe5 Nd5 15.
Nxd5 exd5 16. O-O Be6 17. Qh5 g6 18. Qf3 Qc7 19. Qe3 h5 20. Rf2 Qd8 21. g3 h4
22. g4 h3 23. Raf1 Bg5 24. Qe2 Qd7 25. Rxf7 Qxf7 26. Rxf7 Kxf7 27. Qf3+ Kg7 28.
Be3 Raf8 29. Qe2 Rh4 30. Bf2 Rxg4+ 31. Bg3 Bf4 32. Qe1 Bxg3 33. hxg3 Rf3 34.
Kh2 Rgxg3 35. Qxg3 Rxg3 36. Kxg3 g5 37. a4 bxa4 38. Bxa6 Bd7 39. e6 Bxe6 40.
Bb5 Kf6 41. Bxa4 Ke5 42. b4 Kd6 43. c3 g4 44. Bc2 Bd7 45. Bd3 Kc6 46. Be2 Kb6
47. Kh2 Kc6 48. Kg3 d4 49. cxd4 1/2-1/2

[Event "Plzen, FSB C"]
[Site "?"]
[Date "2004.??.??"]
[Round "3.13"]
[White "Veenstra, C."]
[Black "Malek, M."]
[Result "0-1"]
[WhiteElo "1474"]
[BlackElo "1642"]
[PlyCount "88"]
[EventDate "2004.??.??"]
[Source "ChessBase"]
[SourceDate "1996.11.15"]

1. d4 d5 2. Nf3 c6 3. c4 Nf6 4. Nc3 a6 5. Qc2 b5 6. cxd5 cxd5 7. Bf4 e6 8. a3
Bb7 9. e3 Nbd7 10. Bd3 Rc8 11. Qb1 g6 12. O-O Nb6 13. Rc1 Bg7 14. Ne2 O-O 15.
Rxc8 Qxc8 16. h4 Ba8 17. Ng3 Qb7 18. h5 Rc8 19. hxg6 hxg6 20. Bxg6 fxg6 21.
Qxg6 Qf7 22. Qg5 Ne4 23. Nxe4 dxe4 24. Ne5 Qf6 25. Qh5 Qf5 26. Qh4 Nd5 27. g4
Qh7 28. Qg3 Nxf4 29. Qxf4 Bxe5 30. Qxe5 Bd5 31. Kg2 Qg7 32. Qg3 Qf7 33. Qh4
Qf3+ 34. Kh2 Rf8 35. Kg1 Qf6 36. Qh2 Rf7 37. Rc1 Qd8 38. Kg2 Qf8 39. Qh4 Rg7
40. Qh5 Qf3+ 41. Kh2 Qxf2+ 42. Kh3 Qxe3+ 43. Kh4 Qxc1 44. g5 Rh7 0-1

[Event "Plzen, FSB C"]
[Site "?"]
[Date "2004.??.??"]
[Round "3.14"]
[White "Verf, F."]
[Black "Martan, P."]
[Result "1-0"]
[WhiteElo "1638"]
[BlackElo "1000"]
[PlyCount "67"]
[EventDate "2004.??.??"]
[Source "ChessBase"]
[SourceDate "1996.11.15"]

1. e4 e5 2. f4 exf4 3. Nf3 Be7 4. h4 Nc6 5. d4 d5 6. e5 Bg4 7. Bxf4 Bxf3 8.
Qxf3 Nxd4 9. Qf2 Nf5 10. g3 h6 11. Bd3 g6 12. Nd2 h5 13. O-O-O Ngh6 14. Nf3 Ng4
15. Qe2 Bc5 16. Bxf5 Nf2 17. Qb5+ c6 18. Qxc5 Nxh1 19. Bh3 Qb6 20. Qxb6 axb6
21. Rxh1 Rxa2 22. Kb1 Ra6 23. Bg5 O-O 24. c4 Rfa8 25. Kc2 dxc4 26. Rd1 b5 27.
Rd7 Rf8 28. Rxb7 Ra4 29. Nd4 Ra6 30. Be7 Re8 31. Bd6 Rea8 32. e6 fxe6 33. Bxe6+
Kh8 34. Be5# 1-0

[Event "Plzen, FSB C"]
[Site "?"]
[Date "2004.??.??"]
[Round "3.15"]
[White "van der Heide, G."]
[Black "Lasik, P."]
[Result "1-0"]
[WhiteElo "1648"]
[BlackElo "1390"]
[PlyCount "95"]
[EventDate "2004.??.??"]
[Source "ChessBase"]
[SourceDate "1996.11.15"]

1. e4 e5 2. Nf3 Nc6 3. d4 exd4 4. Nxd4 Nf6 5. Nc3 Bb4 6. Nxc6 Bxc3+ 7. bxc3
dxc6 8. Qxd8+ Kxd8 9. Bg5 Be6 10. e5 h6 11. Bxf6+ gxf6 12. exf6 a5 13. c4 a4
14. Rb1 Re8 15. Kd2 Bc8 16. c5 Re6 17. Bc4 Rxf6 18. Rbd1 Ke7 19. Rhe1+ Kf8 20.
f3 Rf4 21. Kc3 Bf5 22. Bd3 Be6 23. a3 Ra5 24. Re5 Bd5 25. Be4 Rxc5+ 26. Kd4
Rxc2 27. Ke3 Rf6 28. Bxc2 Rd6 29. Bxa4 f6 30. Rh5 Kg7 31. Rd4 Kg6 32. Rhh4 f5
33. Bc2 Kg5 34. Rhf4 Re6+ 35. Kf2 Re5 36. h4+ Kf6 37. g4 c5 38. Ra4 b5 39. Ra6+
c6 40. Rxf5+ Rxf5 41. Bxf5 c4 42. Bd7 Ke5 43. Bxc6 c3 44. Ke2 b4 45. Bxd5 Kxd5
46. axb4 Kc4 47. Kd1 Kxb4 48. Kc2 1-0

[Event "Plzen, FSB C"]
[Site "?"]
[Date "2004.??.??"]
[Round "3.16"]
[White "Talma, K."]
[Black "Tenk, P."]
[Result "1/2-1/2"]
[WhiteElo "1823"]
[BlackElo "1806"]
[PlyCount "64"]
[EventDate "2004.??.??"]
[Source "ChessBase"]
[SourceDate "1996.11.15"]

1. Nf3 c5 2. c4 Nf6 3. g3 g6 4. Bg2 Bg7 5. O-O Nc6 6. d3 O-O 7. Nbd2 d6 8. Rb1
Bd7 9. a3 a5 10. Re1 Qc8 11. Nf1 Bh3 12. Bh1 h6 13. Bd2 Rb8 14. b4 axb4 15.
axb4 b6 16. b5 Nd4 17. Nxd4 cxd4 18. e3 Qf5 19. e4 Qc5 20. Bb4 Qc7 21. Nd2 e5
22. Ra1 Nd7 23. Qf3 h5 24. Ra3 Ra8 25. Rea1 Rxa3 26. Rxa3 Nc5 27. Bxc5 Qxc5 28.
Ra4 Rb8 29. Qd1 Bh6 30. Nb3 Qc8 31. Bf3 Kg7 32. Qa1 Bg5 1/2-1/2